[Event "Xtracon Chess Open 2019"]
[Site "Helsingor DEN"]
[Date "2019.07.21"]
[Round "3.86"]
[White "Berg, Margar M."]
[Black "Huse, Sigurd Kjelsbol"]
[Result "0-1"]
[WhiteElo "1857"]
[BlackElo "2122"]
[WhiteFideId "7200021"]
[BlackFideId "1520717"]
[EventDate "2019.07.20"]

1. d4 d5 2. c4 c6 3. Nc3 Nf6 4. e3 a6 5. Bd3 dxc4 6. Bxc4 b5 7. Bd3 e6 8. Nge2
Bb7 9. O-O c5 10. f3 Nbd7 11. Ne4 Be7 12. b3 Nd5 13. Kh1 O-O 14. Qd2 cxd4 15.
Nxd4 Nc5 16. Nxc5 Bxc5 17. Bb2 Qb6 18. a3 b4 19. axb4 Nxb4 20. Bb1 Rfd8 21. Qe1
Be7 22. Bc3 a5 23. Ra4 Rac8 24. Ba1 Ba6 25. Rg1 Rc5 26. Qg3 g6 27. f4 Bf8 28. f5
Bg7 29. fxg6 hxg6 30. Bxg6 e5 31. Bxf7+ Kxf7 32. Nf3 Qg6 33. Qf2 Kg8 34. Nh4 Qf7
35. Nf5 Nd3 36. Qh4 Qf6 37. Nh6+ Kf8 38. Qxf6+ Bxf6 39. Ng4 Bc8 40. Rf1 Bxg4 41.
Rxf6+ Ke7 42. Rf1 Rf8 43. Rb1 Bd1 44. h4 Bc2 45. Rg1 Bxb3 46. Ra3 Rh8 47. g3
Bd5+ 48. Kh2 Rc2+ 49. Kh3 Nf2+ 50. Kh2 Ng4+ 51. Kh3 Be6 0-1

[Event "Xtracon Chess Open 2019"]
[Site "Helsingor DEN"]
[Date "2019.07.21"]
[Round "3.87"]
[White "Amin, Idris"]
[Black "Ivarsson, Torbjorn"]
[Result "0-1"]
[WhiteElo "1853"]
[BlackElo "2119"]
[WhiteFideId "1746022"]
[BlackFideId "1705865"]
[EventDate "2019.07.20"]

1. d4 e6 2. Bf4 f5 3. c4 Nf6 4. Nc3 Bb4 5. Qb3 Nc6 6. Nf3 Ne4 7. d5 Bxc3+ 8.
bxc3 Na5 9. Qa4 b6 10. dxe6 O-O 11. e3 d6 12. Bd3 Nc5 13. Qc2 Nxd3+ 14. Qxd3
Bxe6 15. Nd2 g5 16. Bg3 Qf6 17. h4 g4 18. O-O Qf7 19. Rfd1 Bxc4 20. Nxc4 Qxc4
21. Qc2 Rae8 22. Rd4 Qf7 23. Qa4 Re6 24. Rf4 Qe8 25. Qd4 Qb5 26. a4 Qc6 27. Qd3
Nb3 28. Rb1 Nc5 29. Qc4 d5 30. Qe2 h5 31. c4 Ne4 32. cxd5 Qxd5 33. Qa6 Re7 34.
Rxe4 Qxe4 35. Rb5 c6 36. Rb3 Rd8 37. Bf4 Qc2 38. Rb4 Qd3 39. Qxd3 Rxd3 40. Kh2
Kf7 41. Rc4 c5 42. f3 Ke6 43. Kg3 Kd5 44. Rc1 c4 45. Rb1 Rexe3 46. Bxe3 Rxe3 47.
Kf4 Rb3 48. Rd1+ Rd3 49. Re1 gxf3 50. gxf3 c3 51. Rc1 Kc4 52. Kxf5 Rxf3+ 53. Kg5
Kb3 54. a5 Kb2 55. Rg1 c2 56. axb6 axb6 57. Rg2 Kb1 0-1

[Event "Xtracon Chess Open 2019"]
[Site "Helsingor DEN"]
[Date "2019.07.21"]
[Round "3.88"]
[White "Rolvag, Mikael"]
[Black "Andersen, Daniel"]
[Result "1-0"]
[BlackTitle "FM"]
[WhiteElo "2119"]
[BlackElo "1864"]
[WhiteFideId "1500481"]
[BlackFideId "1402714"]
[EventDate "2019.07.20"]

1. e4 e6 2. d4 d5 3. exd5 Qxd5 4. Nf3 Nf6 5. Be2 b6 6. Nc3 Qd8 7. Ne5 Bb7 8. Bf3
c6 9. Bf4 Nd5 10. Nxd5 cxd5 11. O-O Be7 12. c4 O-O 13. Rc1 f6 14. Ng4 Bd6 15.
Bxd6 Qxd6 16. Ne3 Qd7 17. cxd5 exd5 18. Qb3 Rd8 19. Rfe1 f5 20. Bxd5+ Bxd5 21.
Nxd5 1-0

[Event "Xtracon Chess Open 2019"]
[Site "Helsingor DEN"]
[Date "2019.07.21"]
[Round "3.89"]
[White "Rempe, Jonas"]
[Black "Karlsson, Jorgen"]
[Result "1-0"]
[WhiteElo "1839"]
[BlackElo "2114"]
[WhiteFideId "16202406"]
[BlackFideId "1711679"]
[EventDate "2019.07.20"]

1. e4 g6 2. d4 Bg7 3. Nc3 a6 4. a4 b6 5. g3 Bb7 6. Bg2 e6 7. Nge2 d6 8. O-O Ne7
9. Be3 Nd7 10. Qd2 h5 11. f4 h4 12. g4 h3 13. Bf3 f5 14. Ng3 c5 15. Qd3 cxd4 16.
Bxd4 e5 17. Be3 Nc5 18. Qe2 exf4 19. exf5 fxg3 20. Bxb7 gxh2+ 21. Kh1 Be5 22.
Bxc5 bxc5 23. f6 Qb8 24. Bxa8 Qxa8+ 25. Rf3 Bxf6 26. Qe4 Qxe4 27. Nxe4 Be5 28.
Rd1 Nc8 29. Nxc5 Bxb2 30. Nxa6 Be5 31. Nb4 Rh4 32. Nc6 Rxg4 33. Nxe5 dxe5 34.
Rxh3 Ne7 35. Ra1 Rc4 36. a5 Rc7 37. a6 Nc6 38. Rh8+ Kd7 39. Rh7+ 1-0

[Event "Xtracon Chess Open 2019"]
[Site "Helsingor DEN"]
[Date "2019.07.21"]
[Round "3.90"]
[White "Thuesen, Mogens"]
[Black "Jorgensen, Alexander Torp"]
[Result "1-0"]
[WhiteElo "2111"]
[BlackElo "1863"]
[WhiteFideId "1400878"]
[BlackFideId "1434187"]
[EventDate "2019.07.20"]

1. c4 Nf6 2. Nc3 d5 3. cxd5 Nxd5 4. e4 Nxc3 5. bxc3 g6 6. d4 Bg7 7. Bc4 O-O 8.
Ne2 b6 9. h4 Bb7 10. Qd3 e6 11. h5 c5 12. hxg6 hxg6 13. Qh3 Re8 14. Qh7+ Kf8 15.
Bh6 Bxh6 16. Qxh6+ Ke7 17. Rd1 Nd7 18. Qg5+ Kd6 19. Qf4+ Ke7 20. dxc5 Rh8 21.
Rxh8 Qxh8 22. Rxd7+ Kxd7 23. Qxf7+ Kd8 24. Nd4 Qe8 25. Nxe6+ 1-0

[Event "Xtracon Chess Open 2019"]
[Site "Helsingor DEN"]
[Date "2019.07.21"]
[Round "3.91"]
[White "Poulsen, Klaus E."]
[Black "Hilbenz, Guntram"]
[Result "1-0"]
[WhiteElo "2095"]
[BlackElo "1845"]
[WhiteFideId "1405039"]
[BlackFideId "4686586"]
[EventDate "2019.07.20"]

1. e4 e5 2. Nc3 Nf6 3. f4 d6 4. Nf3 Be7 5. fxe5 dxe5 6. Nxe5 Nxe4 7. d4 Nxc3 8.
bxc3 O-O 9. Bd3 Bf6 10. O-O Nc6 11. Qh5 g6 12. Nxc6 bxc6 13. Qf3 Bg7 14. Ba3 1-0

[Event "Xtracon Chess Open 2019"]
[Site "Helsingor DEN"]
[Date "2019.07.21"]
[Round "3.92"]
[White "Tolhuizen, Ludo"]
[Black "Lye, Sverre"]
[Result "1/2-1/2"]
[WhiteElo "2090"]
[BlackElo "1839"]
[WhiteFideId "1000802"]
[BlackFideId "1539353"]
[EventDate "2019.07.20"]

1. Nf3 c5 2. e3 Nc6 3. d4 cxd4 4. exd4 d5 5. c3 Nf6 6. Bd3 Bg4 7. Bf4 e6 8. Nbd2
Bd6 9. Bxd6 Qxd6 10. O-O O-O 11. Re1 Ne7 12. Nf1 b5 13. a3 Rab8 14. Ne3 Bh5 15.
Be2 Nc6 16. Nd2 Bg6 17. h4 h6 18. h5 Bh7 19. Ng4 Nd7 20. Nf3 Rfc8 21. Bd3 Bxd3
22. Qxd3 Qf4 23. Nge5 Ncxe5 24. Nxe5 Nf6 25. Qe2 Qg5 26. Nd3 Nxh5 27. Qf3 Nf6
28. a4 a6 29. axb5 axb5 30. Ra7 Ra8 31. Rea1 Rab8 1/2-1/2

[Event "Xtracon Chess Open 2019"]
[Site "Helsingor DEN"]
[Date "2019.07.21"]
[Round "3.93"]
[White "Shehzad, Shazil"]
[Black "Hansen, Verner"]
[Result "1-0"]
[WhiteElo "2088"]
[BlackElo "1838"]
[WhiteFideId "1521942"]
[BlackFideId "1425285"]
[EventDate "2019.07.20"]

1. e4 e5 2. Nf3 Nc6 3. d4 exd4 4. Bc4 Bc5 5. c3 dxc3 6. Bxf7+ Kxf7 7. Qd5+ Ke8
8. Qxc5 Qe7 9. Qe3 c2 10. Nc3 Nf6 11. O-O d6 12. Qe2 Bg4 13. Qd3 Rf8 14. h3 Bh5
15. g4 Bg6 16. Bg5 Qe6 17. Rae1 Nxg4 18. Nd5 Qd7 19. Nxc7+ Qxc7 20. hxg4 Qd7 21.
Nh2 Ne5 22. Qg3 Rc8 23. f4 Qb5 24. fxe5 Rxf1+ 25. Nxf1 dxe5 26. b3 Qc5+ 27. Kh2
Kf7 28. Bc1 Ke6 29. Ne3 Rf8 30. Nf5 Rf7 31. Qg2 Qc6 32. Re2 Rc7 33. Rd2 Qc3 34.
Qf2 Rc6 35. Nxg7+ Ke7 36. Nf5+ Ke6 37. Qh4 Qb4 38. Ng7+ 1-0

[Event "Xtracon Chess Open 2019"]
[Site "Helsingor DEN"]
[Date "2019.07.21"]
[Round "3.94"]
[White "Liabotro, Ola"]
[Black "Frederiksen Kristian, Pade"]
[Result "1/2-1/2"]
[WhiteElo "2081"]
[BlackElo "1822"]
[WhiteFideId "1512382"]
[BlackFideId "1435205"]
[EventDate "2019.07.20"]

1. e4 e5 2. Nf3 Nc6 3. d4 exd4 4. Nxd4 Nf6 5. Nxc6 bxc6 6. e5 Qe7 7. Qe2 Nd5 8.
c4 Nb6 9. Nc3 a5 10. Qe4 g6 11. Bd3 Qe6 12. O-O Bg7 13. f4 O-O 14. Bd2 Ba6 15.
b3 f6 16. f5 Qxe5 17. fxg6 Qxe4 18. Bxe4 d5 19. gxh7+ Kh8 20. Bf5 dxc4 21. Rfe1
Bc8 22. Bxc8 Rfxc8 23. Rac1 a4 24. bxc4 Nxc4 25. Bf4 Nb2 26. Re7 Nd3 27. Rf1 f5
28. Nd1 Re8 29. Rd7 Rad8 30. Rxd8 Rxd8 31. Bxc7 Bd4+ 32. Kh1 Re8 33. Ba5 f4 34.
h3 a3 35. Rf3 Nb2 36. Rxf4 c5 37. Rf1 Na4 38. Rf3 Nb2 39. Nf2 Re2 40. Ng4 Kxh7
41. Rxa3 Nc4 42. Ra4 Nb2 43. Ra3 Nc4 1/2-1/2

[Event "Xtracon Chess Open 2019"]
[Site "Helsingor DEN"]
[Date "2019.07.21"]
[Round "3.95"]
[White "Leonhardsen, Vebjorn Maanum"]
[Black "Skjoldager, Per"]
[Result "0-1"]
[WhiteElo "1820"]
[BlackElo "2081"]
[WhiteFideId "1539515"]
[BlackFideId "1408828"]
[EventDate "2019.07.20"]

1. Nf3 Nf6 2. c4 e6 3. Nc3 d5 4. d4 Be7 5. Bf4 O-O 6. e3 a6 7. cxd5 exd5 8. Qc2
Nbd7 9. Bd3 c5 10. dxc5 Nxc5 11. Be2 b5 12. a3 Qb6 13. O-O Bb7 14. h3 Rac8 15.
Qd1 Rfd8 16. Nd4 Nfe4 17. Rc1 Ne6 18. Nxe6 Qxe6 19. Nxe4 dxe4 20. Rxc8 Qxc8 21.
Qb3 Bd5 22. Qc3 Qxc3 23. bxc3 Be6 24. a4 Rd2 25. axb5 Rxe2 26. Ra1 Ra2 27. Rxa2
Bxa2 28. bxa6 Bc5 29. Bb8 Bd5 30. a7 Kf8 31. c4 Bc6 32. g4 Ke7 33. Be5 Bxa7 34.
Bxg7 f6 35. h4 Ba4 36. g5 fxg5 37. hxg5 Bb3 38. Kg2 Bxc4 39. f3 Bxe3 40. Bf6+
Kf7 41. fxe4 Kg6 42. Kf3 Bxg5 43. Be5 Be6 44. Ke2 Bc1 45. Kd3 Kg5 46. Bd6 h5 47.
Be7+ Kg4 0-1

[Event "Xtracon Chess Open 2019"]
[Site "Helsingor DEN"]
[Date "2019.07.21"]
[Round "3.96"]
[White "Skjoldager, Mikael"]
[Black "Rasmussen, Morten1"]
[Result "1/2-1/2"]
[WhiteElo "2076"]
[BlackElo "1816"]
[WhiteFideId "1434314"]
[BlackFideId "1410865"]
[EventDate "2019.07.20"]

1. e4 c5 2. Nf3 Nc6 3. d4 cxd4 4. Nxd4 e6 5. Nc3 Qc7 6. Be3 a6 7. Be2 Nf6 8. O-O
Bb4 9. f3 O-O 10. g4 h6 11. Qe1 d5 12. Qh4 Nxd4 13. Bxd4 e5 14. Be3 d4 15. Bxh6
dxc3 16. Bxg7 Qb6+ 17. Kh1 Kxg7 18. Qg5+ Kh7 19. Qh4+ Kg7 20. Qg5+ Kh7 21. Qh4+
Kg7 1/2-1/2

[Event "Xtracon Chess Open 2019"]
[Site "Helsingor DEN"]
[Date "2019.07.21"]
[Round "3.97"]
[White "Masotti, Roberto"]
[Black "Machlik, Edit"]
[Result "1/2-1/2"]
[WhiteElo "1814"]
[BlackElo "2075"]
[WhiteFideId "815071"]
[BlackFideId "1513591"]
[EventDate "2019.07.20"]

1. c4 e5 2. Nc3 Nf6 3. Nf3 Nc6 4. e3 d5 5. cxd5 Nxd5 6. Bb5 Nxc3 7. bxc3 Bd6 8.
d4 Bd7 9. O-O O-O 10. d5 Na5 11. Be2 b5 12. e4 Qe7 13. Rb1 a6 14. Nd2 c6 15. c4
Rab8 16. cxb5 axb5 17. Nb3 Nc4 18. Bg4 Bxg4 19. Qxg4 cxd5 20. exd5 f5 21. Qh5
Ra8 22. Qe2 e4 23. Rd1 Qh4 24. h3 Rf6 25. Nd4 Ne5 26. Rb3 b4 27. Ne6 Rg6 28. Nf4
Nf3+ 29. Rxf3 exf3 30. Qxf3 Bxf4 31. Bxf4 Rga6 32. d6 Rd8 33. Qd5+ Kh8 34. Qxf5
h6 35. d7 Ra7 36. Qf7 Qf6 37. Qe8+ Kh7 38. Qe4+ Kh8 39. Qe8+ Kh7 40. Qe4+ Kh8
41. Qe8+ 1/2-1/2

[Event "Xtracon Chess Open 2019"]
[Site "Helsingor DEN"]
[Date "2019.07.21"]
[Round "3.98"]
[White "Bruaset, Eivind"]
[Black "Jaques, Hannibal Valeur"]
[Result "1-0"]
[WhiteElo "2074"]
[BlackElo "1807"]
[WhiteFideId "1515276"]
[BlackFideId "1454188"]
[EventDate "2019.07.20"]

1. e4 e5 2. Nc3 Nf6 3. f4 d5 4. fxe5 Nxe4 5. Qf3 Nxc3 6. bxc3 Nc6 7. d4 Be7 8.
Bd3 Be6 9. Ne2 Qd7 10. Nf4 O-O-O 11. O-O g5 12. Nh5 Kb8 13. Bf5 h6 14. Rb1 a6
15. g4 Ka7 16. h3 Na5 17. Bd3 b5 18. Be3 Nc4 19. a4 c6 20. Ra1 Rb8 21. Ra2 Rb6
22. Rfa1 Rhb8 23. axb5 cxb5 24. Bxc4 bxc4 25. Bc1 Qb7 26. Kg2 Ra8 27. Ra5 Kb8
28. Nf6 Rb5 29. Ng8 Rxa5 30. Rxa5 Qb1 31. Qd1 Bf8 32. Nf6 Qb7 33. Bd2 Ka7 34.
Qa1 Rb8 35. Qa4 Be7 36. Qa1 Qb6 37. Nh5 Bc8 38. Kh2 Qb2 39. Qd1 Be6 40. Nf6 Qb7
41. Ra1 Qb2 42. Kg3 Qb7 43. Bc1 Qb6 44. Qf3 Qb7 45. Ba3 Bxa3 46. Rxa3 Qb2 47.
Ra5 Qxc2 48. Nxd5 Rb2 49. Qf1 Qd3+ 50. Qxd3 cxd3 51. Ne3 d2 52. Ra1 Kb6 53. d5
Bxd5 54. Nxd5+ Kc5 55. Ne3 Rb3 56. Kf3 Rxc3 57. Rd1 Kd4 58. Rxd2+ Kxe5 59. Ra2
Rc6 60. Ra5+ Kd4 61. Ra4+ Kd3 62. Nd5 Rd6 63. Nb4+ Kd2 64. Rxa6 Rd4 65. Nc6 Rd3+
66. Kg2 Rd6 67. Ra2+ Kc3 68. Ne7 Rd3 69. Nf5 Kb3 70. Rf2 Kc3 71. Ng3 f6 72. Nh5 1-0

[Event "Xtracon Chess Open 2019"]
[Site "Helsingor DEN"]
[Date "2019.07.21"]
[Round "3.100"]
[White "Kalveus, Jan"]
[Black "Thaler, Toni"]
[Result "0-1"]
[WhiteElo "1798"]
[BlackElo "2070"]
[WhiteFideId "1721682"]
[BlackFideId "1303864"]
[EventDate "2019.07.20"]

1. d4 Nf6 2. Bg5 e6 3. e4 h6 4. Bxf6 Qxf6 5. Nc3 g6 6. Nf3 Bg7 7. Bc4 O-O 8. O-O
d6 9. e5 Qe7 10. Re1 d5 11. Bf1 c5 12. dxc5 Qxc5 13. Qd4 Qxd4 14. Nxd4 Nc6 15.
Nxc6 bxc6 16. Na4 f6 17. f4 fxe5 18. fxe5 Rf5 19. Bd3 Rxe5 20. Rxe5 Bxe5 21.
Bxg6 Kg7 22. Bd3 Rb8 23. c3 Bd6 24. b3 e5 25. Rf1 e4 26. Be2 c5 27. Rd1 Bb7 28.
Bc4 Rd8 29. Be2 d4 30. Bc4 Bc6 31. cxd4 cxd4 32. Nb2 Be5 33. Rf1 Bf6 34. Nd1 d3
35. Kh1 Bd4 36. Rf7+ Kg6 37. Rf4 Kg5 38. Rf7 Rd6 39. h3 Rf6 40. Rxf6 Kxf6 41.
Kh2 Ke5 42. Kg3 Be8 43. Kg4 Bg6 44. Kg3 e3 0-1

[Event "Xtracon Chess Open 2019"]
[Site "Helsingor DEN"]
[Date "2019.07.21"]
[Round "3.101"]
[White "Jepsen, Thomas Tange"]
[Black "Lindgaard, Tobias Simon"]
[Result "1-0"]
[WhiteElo "2069"]
[BlackElo "1804"]
[WhiteFideId "1405357"]
[BlackFideId "1419820"]
[EventDate "2019.07.20"]

1. d4 Nc6 2. Nf3 d6 3. Bf4 g6 4. d5 Nb8 5. e4 Bg7 6. c3 Nf6 7. Nbd2 c6 8. Bc4
O-O 9. O-O Nbd7 10. dxc6 bxc6 11. Qc2 e5 12. Bg3 d5 13. exd5 cxd5 14. Bb5 Qb6
15. c4 e4 16. Ne5 Nxe5 17. Bxe5 e3 18. Nf3 Ng4 19. Bxg7 Kxg7 20. fxe3 Nxe3 21.
Qc3+ d4 22. Nxd4 Nxf1 23. c5 1-0

[Event "Xtracon Chess Open 2019"]
[Site "Helsingor DEN"]
[Date "2019.07.21"]
[Round "3.102"]
[White "Halvorsen, Benjamin"]
[Black "Gregor, Bjarke"]
[Result "1/2-1/2"]
[WhiteElo "1789"]
[BlackElo "2064"]
[WhiteFideId "1516604"]
[BlackFideId "1423401"]
[EventDate "2019.07.20"]

1. e4 c5 2. Nf3 d6 3. g3 Nc6 4. Bg2 Nf6 5. Qe2 Bg4 6. c3 e5 7. O-O Qd7 8. d3 g6
9. Bg5 Bg7 10. Nbd2 Ng8 11. Nb3 h6 12. Bd2 Nge7 13. Qe3 O-O 14. d4 cxd4 15. cxd4
Bxf3 16. Qxf3 exd4 17. Qd3 Ne5 18. Qe2 d3 19. Qe1 d5 20. exd5 Nxd5 21. Bxh6 Rfe8
22. Qd2 Qb5 23. Bxg7 Kxg7 24. Rac1 Rac8 25. Rxc8 Rxc8 26. Rc1 Rxc1+ 27. Nxc1 Qb4
28. Qd1 Qd4 29. Bf1 Ng4 30. Nxd3 Nb4 31. Qf3 Nxd3 32. Bxd3 Nxf2 33. Qxf2 Qxd3
34. b3 1/2-1/2

[Event "Xtracon Chess Open 2019"]
[Site "Helsingor DEN"]
[Date "2019.07.21"]
[Round "3.103"]
[White "Christiansen, Jens Jorgen"]
[Black "Zwisler, Lars Erik"]
[Result "1-0"]
[WhiteElo "2053"]
[BlackElo "1789"]
[WhiteFideId "1401670"]
[BlackFideId "1418351"]
[EventDate "2019.07.20"]

1. d4 Nf6 2. c4 e6 3. Nf3 Bb4+ 4. Nbd2 Ne4 5. e3 O-O 6. Bd3 f5 7. O-O Nxd2 8.
Bxd2 Bxd2 9. Qxd2 b6 10. d5 Bb7 11. e4 d6 12. Nd4 Bc8 13. f4 exd5 14. exd5 Qf6
15. Nb5 Na6 16. Qc3 Bd7 17. Qxf6 Rxf6 18. Nd4 Re8 19. Rfe1 Rxe1+ 20. Rxe1 Kf8
21. Bb1 g6 22. a3 Rf7 23. b4 Re7 24. Kf2 Rxe1 25. Kxe1 Ke7 26. Kd2 Nb8 27. Ke3
Na6 28. Bd3 Nb8 29. Be2 c5 30. dxc6 Nxc6 31. Nb5 a5 32. Nc7 Be6 33. Na8 axb4 34.
axb4 b5 35. cxb5 Nb8 36. Bf3 d5 37. Nc7 Kd6 38. Nxe6 Kxe6 39. Kd4 Kd6 40. Bxd5
h6 41. Bc6 g5 42. g3 gxf4 43. gxf4 h5 44. h4 1-0

[Event "Xtracon Chess Open 2019"]
[Site "Helsingor DEN"]
[Date "2019.07.21"]
[Round "3.104"]
[White "Manz, Andreas"]
[Black "Nielsen, Jorgen Lovgren"]
[Result "0-1"]
[WhiteElo "1770"]
[BlackElo "2053"]
[WhiteFideId "24660108"]
[BlackFideId "1403850"]
[EventDate "2019.07.20"]

1. d4 f5 2. Bg5 g6 3. e3 Bg7 4. c3 Nf6 5. Nd2 O-O 6. Bd3 b6 7. Qb3+ Kh8 8. h4 d6
9. O-O-O h6 10. Bxf6 Bxf6 11. Ne2 e5 12. dxe5 dxe5 13. Nf3 Qe7 14. Bc4 Bb7 15.
Bd5 c6 16. Be6 Na6 17. Bc4 b5 18. Bd3 Nc5 19. Qb4 a5 0-1

[Event "Xtracon Chess Open 2019"]
[Site "Helsingor DEN"]
[Date "2019.07.21"]
[Round "3.105"]
[White "Sjol, Henrik"]
[Black "Bratholm, Palle"]
[Result "0-1"]
[WhiteElo "1755"]
[BlackElo "2052"]
[WhiteFideId "1505629"]
[BlackFideId "1404083"]
[EventDate "2019.07.20"]

1. d4 d5 2. Nf3 e6 3. c4 c5 4. cxd5 exd5 5. g3 Nc6 6. Bg2 Nf6 7. Nc3 Be7 8. O-O
O-O 9. Be3 cxd4 10. Bxd4 Be6 11. Rc1 Ne4 12. e3 Rc8 13. Ne2 Qa5 14. Bc3 Qxa2 15.
Ra1 Nxc3 16. Nxc3 Qxb2 17. Nxd5 Bxd5 18. Qxd5 Rfd8 19. Qe4 Qb4 20. Qf5 g6 21.
Qh3 Bf6 22. Rab1 Qe7 23. Nd4 Nb4 24. Nb5 a6 25. Qg4 Nc6 26. Na7 Nxa7 27. Rxb7
Rc7 28. Rfb1 Nb5 29. Qf4 Rxb7 30. Bxb7 Qxb7 31. Qxf6 Rd6 32. Qe5 Qc6 33. Qb2 Qc3
34. Qxc3 Nxc3 35. Rb8+ Kg7 36. Ra8 Kf6 37. Kg2 Rc6 38. Kf3 Ke6 39. Ra7 Nb5 40.
Ra8 Nc7 0-1

[Event "Xtracon Chess Open 2019"]
[Site "Helsingor DEN"]
[Date "2019.07.21"]
[Round "3.106"]
[White "Salerno, Christian"]
[Black "Viitaniemi, Olli"]
[Result "1-0"]
[WhiteElo "2047"]
[BlackElo "1778"]
[WhiteFideId "1310810"]
[BlackFideId "515361"]
[EventDate "2019.07.20"]

1. e4 c5 2. Nf3 e6 3. d4 cxd4 4. Nxd4 Bc5 5. Nc3 Qb6 6. Be3 Nc6 7. Na4 Qa5+ 8.
c3 Bxd4 9. Bxd4 Nxd4 10. b4 Nf3+ 11. gxf3 Qg5 12. Qd6 Ne7 13. f4 Qf6 14. Rg1 O-O
15. Rd1 Ng6 16. f5 Ne5 17. Rg3 b6 18. b5 Bb7 19. f4 Nf3+ 20. Rxf3 Bxe4 21. Rg3
Rfe8 22. Kf2 Bxf5 23. Qe5 Qxe5 24. fxe5 Red8 25. Bd3 Kf8 26. Bxf5 exf5 27. c4
Rac8 28. Rd4 g6 29. h4 h6 30. Nc3 Ke7 31. Nd5+ Ke6 32. Re3 Rc5 33. Nf4+ Ke7 34.
Nd3 Rc7 35. Ke2 Rdc8 36. Nb2 Ke6 37. Rd6+ Ke7 38. Kd3 Kf8 39. a4 Re8 40. Kd4 Kg7
41. Re1 Re6 42. Nd3 g5 43. c5 Kg6 44. Rc1 Rxd6+ 45. exd6 bxc5+ 46. Nxc5 Rc8 47.
a5 Rb8 48. Rb1 g4 49. b6 axb6 50. axb6 g3 51. Nxd7 g2 52. Nxb8 1-0

[Event "Xtracon Chess Open 2019"]
[Site "Helsingor DEN"]
[Date "2019.07.21"]
[Round "3.107"]
[White "Zemlickova, Olena"]
[Black "Overmark, Ole"]
[Result "1-0"]
[WhiteTitle "WIM"]
[WhiteElo "2043"]
[BlackElo "1765"]
[WhiteFideId "14105560"]
[BlackFideId "1410776"]
[EventDate "2019.07.20"]

1. d4 Nf6 2. Nf3 d5 3. e3 e6 4. Bd3 c5 5. b3 Nc6 6. Bb2 Be7 7. Nbd2 cxd4 8. exd4
O-O 9. O-O Bd7 10. a3 Rc8 11. Re1 a6 12. Ne5 b5 13. Re3 Qb6 14. Rh3 g6 15. Ndf3
Be8 16. Qd2 h5 17. Qh6 Nxe5 18. Nxe5 Nh7 19. Rxh5 1-0

[Event "Xtracon Chess Open 2019"]
[Site "Helsingor DEN"]
[Date "2019.07.21"]
[Round "3.108"]
[White "Petersen, Rasmus"]
[Black "Pallesen, Jacob"]
[Result "0-1"]
[WhiteElo "1745"]
[BlackElo "2041"]
[WhiteFideId "1448250"]
[BlackFideId "1404881"]
[EventDate "2019.07.20"]

1. d4 Nf6 2. Nf3 d5 3. c4 e6 4. g3 Be7 5. Bg2 O-O 6. O-O Nbd7 7. Qc2 Ne4 8. b3
Ndf6 9. Bb2 c5 10. cxd5 exd5 11. dxc5 Bxc5 12. Nd4 Qb6 13. e3 Bd7 14. Nd2 Rfe8
15. N2f3 Rac8 16. Qd3 Bb4 17. Rac1 Bd6 18. h3 a5 19. Qe2 a4 20. bxa4 Bxa4 21.
Rxc8 Rxc8 22. Rc1 Rxc1+ 23. Bxc1 Nc3 24. Qb2 Qxb2 25. Bxb2 Nxa2 26. Nf5 Bc5 27.
Bxf6 gxf6 28. N3d4 Nc3 0-1

[Event "Xtracon Chess Open 2019"]
[Site "Helsingor DEN"]
[Date "2019.07.21"]
[Round "3.109"]
[White "Stovring, Claus"]
[Black "Skjolingstad, Sverre"]
[Result "1-0"]
[WhiteElo "2036"]
[BlackElo "1754"]
[WhiteFideId "1406914"]
[BlackFideId "1519913"]
[EventDate "2019.07.20"]

1. e4 c5 2. Nf3 e6 3. g3 Nc6 4. Bg2 Nf6 5. Nc3 d5 6. exd5 exd5 7. O-O d4 8. Ne2
d3 9. cxd3 Bf5 10. Qb3 Rb8 11. Ng5 Bg6 12. Nf4 Nd4 13. Qc4 b5 14. Re1+ Kd7 15.
Qc3 Nd5 16. Nxd5 Qxg5 17. Qa5 Rb7 18. Qa6 Kc8 19. Nb6+ axb6 20. Qxb7+ Kd8 21. a4
Nc2 22. Bc6 1-0

[Event "Xtracon Chess Open 2019"]
[Site "Helsingor DEN"]
[Date "2019.07.21"]
[Round "3.110"]
[White "Wahlgreen, Noah"]
[Black "Kleimark, Anders"]
[Result "1/2-1/2"]
[WhiteElo "1743"]
[BlackElo "2032"]
[WhiteFideId "1457349"]
[BlackFideId "1709968"]
[EventDate "2019.07.20"]

1. e4 e5 2. Nf3 Nc6 3. Bc4 Nf6 4. d3 Be7 5. O-O O-O 6. c3 d5 7. exd5 Nxd5 8. Re1
Bg4 9. h3 Bh5 10. Nbd2 Nb6 11. Bb5 f6 12. Bxc6 bxc6 13. Ne4 Qd5 14. c4 Qd7 15.
Nxe5 fxe5 16. Qxh5 Qxd3 17. Qxe5 Rae8 18. Qc3 Qxc4 19. Qxc4+ Nxc4 20. b3 Ne5 21.
Be3 Bb4 22. Re2 Nd3 23. Ng3 a5 24. Rc2 Bd6 25. Nf1 Nb4 26. Rc4 Be5 27. Rd1 Nxa2
28. Rxc6 Bd6 29. Bc5 Nb4 30. Bxd6 Nxc6 31. Bxf8 Kxf8 32. Ne3 Rb8 33. Rc1 Nd4 34.
Rxc7 Nxb3 35. Ra7 Rb5 36. g4 Nd4 37. Nc4 Nc6 38. Rc7 Ne5 39. Nd6 Rb6 40. Nf5 Ra6
41. Rxg7 a4 42. Rb7 a3 43. Rb1 a2 44. Ra1 Nf3+ 45. Kh1 Nd2 46. Nd4 Ra4 47. Kg2
Ke7 48. f4 Kf6 49. Kg3 Rxd4 50. Rxa2 Rd3+ 51. Kh4 Nf3+ 52. Kh5 Ng1 53. Ra6+ Kf7
54. h4 Ne2 55. Ra7+ Ke6 56. f5+ Kd6 57. Kg5 Ng1 58. Rxh7 Nf3+ 59. Kf4 Nh2 60.
Rh6+ Ke7 61. Re6+ Kf7 62. Re4 Rh3 63. h5 Nf1 64. Kg5 Nd2 65. Ra4 Nf3+ 66. Kf4
Ne1 67. Ra7+ Kg8 68. Kg5 Nd3 69. Kf6 Nf4 70. Kg5 Nd3 71. f6 Ne5 72. Re7 Nf7+ 73.
Kg6 Nh8+ 74. Kh6 Nf7+ 75. Kg6 Nh8+ 76. Kf5 Rf3+ 77. Ke4 Rxf6 78. g5 Ra6 79. Kf5
Ra5+ 80. Kf6 Ra6+ 81. Re6 Rxe6+ 82. Kxe6 Kg7 83. Kf5 Nf7 1/2-1/2